Normal view MARC view
  • Biopharmaceutics

Entry Topical Term

Number of records used in: 6

001 - CONTROL NUMBER

  • control field: 38906

003 - CONTROL NUMBER IDENTIFIER

  • control field: OSt

005 - DATE AND TIME OF LATEST TRANSACTION

  • control field: 20151214124657.0

008 - FIXED-LENGTH DATA ELEMENTS

  • fixed length control field: 151214|| aca||babn | a|a d

040 ## - CATALOGING SOURCE

  • Original cataloging agency: OSt

150 ## - HEADING--TOPICAL TERM

  • Topical term or geographic name as entry element: Biopharmaceutics

550 ## - SEE ALSO FROM TRACING--TOPICAL TERM

  • Topical term or geographic name entry element: Pharmacology

550 ## - SEE ALSO FROM TRACING--TOPICAL TERM

  • Topical term or geographic name entry element: Pharmacy